000 00635nas a2200229 i 4500
001 988
003 ES-MaACL
005 20250718150756.0
008 950801d1934 sp d| | 1 ||pa d
022 _a2487-4485
080 _a(054)
245 0 0 _aDiario de Madrid.
260 _aMadrid :
_bDiario de Madrid,
_c1934-
300 _a2 v. :
_bil. ;
_c67 cm.
310 _aDiaria, excepto un día a la semana
362 0 _aAño I, n. 1 (26 oct. 1934)-
650 1 4 _aPeriódicos
_915941
852 4 _aES-MaACL
_jHEM-GF-32
_dOlim: Hem-665
866 0 _o1934(1935 f. abril-dic).
942 _2udc
_cPERIODICO
999 _c988
_d988